000 01163nam a2200265Ia 4500
999 _c40657
_d40657
001 7285
003 GE_BSU
005 20231114164850.0
008 181216s2013||||ge |||||||||||||| ||geo||
020 _a9789941442391
040 _cGE_BSU
041 _ageo
080 _a15.9 ჰ-57
100 _aჰითი, ჩიპ
_920376
245 _aგარდატეხა = SWITCH :
_bროგორ გავატაროთ ცვლილება, როცა ეს ასე რთულია /
_cჩიპ ჰითი, დენ ჰითი ; მთარგმნელი სოფიო გიორგობიანი.
260 _a.
264 _aთბილისი :
_bსაუნჯე,
_c2013.
300 _a366 გვ. ;
_c20 სმ.
541 _h2 ლ.
653 _aგარდატეხა
653 _aროგორ გავატაროთ ცვლილება, როცა ეს ასე რთულია
700 _aჰითი, დენ
_eავტორი
_920377
700 _a გიორგობიანი, სოფიო
_eმთარგმნელი
_920378
942 _cBK
_2udc